| 000 | nam a22 7a 4500 | ||
|---|---|---|---|
| 999 |
_c2137 _d2137 |
||
| 005 | 20170515124219.0 | ||
| 008 | 170515b1981 - ||||| |||| 00| 0 eng d | ||
| 020 | _a0801617332 | ||
| 040 | _aAKMAL | ||
| 082 | _a362.88 CAL | ||
| 090 |
_a362.88 _bCAL |
||
| 245 | 0 | 0 |
_aPerspectives on crime victims / _cedited by Burt Galaway, Joe Hudson. |
| 260 |
_aSaint Louis : _bC.V. Mosby Co., _c1981 |
||
| 300 |
_a xiii, 435 p. ; _c 24cm |
||
| 504 | _aIncludes bibliographies and index. | ||
| 650 | 0 |
_aVictims of crimes _z United States _94458 |
|
| 650 | 0 |
_a Victims of crimes. _94426 |
|
| 700 | 1 |
_aGalaway, Burt _94459 |
|
| 700 | 1 |
_aHudson, Joe. _94460 |
|
| 942 |
_2ddc _cBOOK |
||